000
00322nam a22001457a 4500
008
231025b ||||| |||| 00| 0 eng d
020
_a
0805378936
041
_a
eng
080
_a
316
082
_a
316RAM
100
_a
24
101
_a
SOICIOGJI
245
_a
FIELD THEORY A MODERN PRIMER
_c
RAMOND.P
942
_2
udc
_c
BK
999
_c
60464
_d
60464